• 首页
  • 本馆介绍
  • 公告通知
  • 最新文献
  • 馆藏检索
  • 电子资源
  • 读者导购
  • 参考咨询
  • 我的图书馆
  • 登录
  • 详细信息显示
  • 放入我的书架
  • 预约/预借图书
  • 作者相关作品
  • 分类相关作品
  • 丛书相关作品
  • 出版社相关作品

书目信息

  • 表格格式
  • 工作单格式
  • 卡片格式
题名:
主宰家庭的颜色
    
 
作者: 维素娟 著
分册:  
出版信息: 天津   天津人民出版社  2016.4
页数: 251
开本: 21cm
丛书名:
单 册:
中图分类: TS976.1-49
科图分类:
主题词: 长篇小说 , 中国 , 当代 , 家庭管理
电子资源:
ISBN: 978-7-201-10176-7
000 00551nam0 2200217 450
001 24
001 01CN12685452@CSLN
005 20160906084949.26
010    @a978-7-201-10176-7@d32.80
101    @achi
200    @a主宰家庭的颜色@f维素娟著@9zhu zai jia ting de yan se
210    @a天津@c天津人民出版社@d2016.4
215    @a251@d21cm
606    @a长篇小说
606    @a中国
606    @a当代
606 0  @a家庭管理
690    @aTS976.1-49@v4
701    @a维素娟@4著@9wei su juan
801  0 @aCN@b唐山师范学院图书馆@c20160901
905    @aZUCC@dTS976.1-49@e399
    
    主宰家庭的颜色/维素娟著.-天津:天津人民出版社,2016.4
    251;21cm
    
    
    ISBN 978-7-201-10176-7:32.80
    
●
相关链接 在E读中查询图书 在五车中查询图书 在当当中查询图书 在豆瓣中查询图书


正题名:主宰家庭的颜色     索取号:TS976.1-49/399         预约/预借

序号 登录号 条形码 馆藏地/架位号 状态 备注
1 900101   209001015   第二样本阅览室/ [索取号:TS976.1-49/399] 在馆    
2 900102   209001024   第三借阅区/ [索取号:TS976.1-49/399] 在馆    
3 900103   209001033   第三借阅区/ [索取号:TS976.1-49/399] 在馆    
4 900104   209001042   第三借阅区/ [索取号:TS976.1-49/399] 在馆    
5 900105   209001051   第三借阅区/ [索取号:TS976.1-49/399] 在馆    
唐山师范学院图书馆 欢迎您!
大连网信软件有限公司© 版权所有